|
|
|
|
| LEADER |
00000nab a2200000 a 4500 |
| 001 |
vtls009314474 |
| 003 |
SK-MaSNL |
| 005 |
20260304215816.0 |
| 008 |
140301c20080520xo dr|p|||||||000 b|slo |
| 015 |
|
|
|a SNBRB2008/07
|2 snkbucl
|
| 038 |
|
|
|a SNKBUCL
|
| 040 |
|
|
|a SNKBUCL
|b slo
|c SNKBUCL
|e AACR2
|
| 041 |
0 |
|
|a slo
|
| 044 |
|
|
|a xo
|c SK
|
| 080 |
|
|
|a 004.056:001.102
|2 2001
|
| 080 |
|
|
|a 001.102
|2 2001
|
| 100 |
1 |
|
|a Henker, Filip
|4 aut
|9 1550879
|
| 245 |
1 |
0 |
|a Citlivé dáta: Nepodceňujte ochranu
|b na bezpečnosť treba myslieť komplexne. Určené pravidlá by sa zase mali dodržať bez výnimky
|c Filip Hanker, Rastislav Turek
|
| 650 |
0 |
7 |
|a citlivé informácie
|2 snkbucl
|9 1050960
|
| 650 |
0 |
7 |
|a informačná bezpečnosť
|2 snkbucl
|9 72884
|
| 700 |
1 |
|
|a Turek, Rastislav
|4 aut
|9 1054584
|
| 773 |
0 |
|
|t Hospodárske noviny
|g Roč. XVI., č. 96 (20.5.2008)
|x 1335-4701
|
| 773 |
0 |
8 |
|t Digitálny svet
|g S. [25]-26
|
| 852 |
|
|
|a SNK
|b KIS3GCP
|
| 999 |
|
|
|c 3148331
|d 3150261
|